| 000 | 00668nam a2200217 a 4500 | ||
|---|---|---|---|
| 001 | BRL_817 | ||
| 005 | 20190320210917.0 | ||
| 008 | 091013s1965----mx-ago####---#000-0#spa-# | ||
| 041 | _aspa | ||
| 044 | _amx | ||
| 050 | 4 |
_aML410.G5 _b.Z36 1965 |
|
| 100 | 1 |
_aZanolli, Uberto _925030 |
|
| 245 | 1 | 0 |
_aGiacomo Facco maestro de reyes _bIntroducción a la vida y la obra del gran músico véneto de 1700 _cUberto Zanolli. |
| 260 |
_aMéxico _bDon Bosco _c1965 |
||
| 300 |
_a270 p. _bil., música _c23 cm. |
||
| 500 | _aAu925 | ||
| 600 | 1 | 4 |
_aFacco, Giacomo _daproximadamente 1676-1753 _925031 |
| 650 | 1 | 4 |
_aMusicos _vBiografía _zItalia _925032 |
| 902 | _aGRL | ||
| 942 |
_2lcc _cB |
||
| 999 |
_c9629 _d9629 |
||